| 000 | 01126nam a2200301Ia 4500 | ||
|---|---|---|---|
| 003 | OSt | ||
| 005 | 20221007125121.0 | ||
| 006 | a|||||r|||| 00| 0 | ||
| 007 | ta | ||
| 008 | 221006b |||||||| |||| 00| 0 eng d | ||
| 020 |
_a0471575577(V 2) (hbd) _c _ 170.00 |
||
| 024 | _a3951 | ||
| 037 |
_bEducational, _cTextual |
||
| 040 |
_aCDL _cCDL _beng |
||
| 041 |
_2eng _aeng |
||
| 082 | _aLZ3:(E), N5.2 | ||
| 100 |
_aBurger Alfred _9721451 |
||
| 245 | 0 |
_aBurger's medicinal chemistry and drug discovery ed by Manfred E Wolff _b Wolff Manfred E Ed |
|
| 250 | _aEd 5 | ||
| 260 |
_aNew _bYork John Wiley Sons, Inc _c1996 |
||
| 490 | _vV 2. Therapeutic agents (viii,670p) | ||
| 500 | _aIncludes bibliographical references; Index 653-670p; ^mPurchase^n23/CSL/Carc/96-97/3414^d1996-08-27; ; 96-97/76^b1996-09-03^c14521/96-97^d1996-08-29^eEducational Book Agency (India); ; 1996-09-11^bSB | ||
| 650 | _a Chemistry | ||
| 650 | _aPharmacology | ||
| 700 |
_a Wolff Manfred E Ed _9721452 |
||
| 942 |
_hLZ3:(E), N5.2 _cTEXL _2CC |
||
| 999 |
_c1214705 _d1214705 |
||